000 00788nam a22002537a 4500
003 OSt
005 20260530115318.0
008 260508b200 xxua|||| |||| 001 0 dut d
020 _a9072007581
040 _aICI
_bspa
_cICI
_erda
041 _adut
050 _aTS171 .I53
_b1991
100 1 _aBeroepsorganisatie Nederlandse Ontwerpers
_934038
245 1 0 _aIndustrial design.
260 _aAmsterdam
_bBIS Publishers
_c2000
300 _a160 páginas :
_bilustraciones ;
_c28 cm.
504 _aIncluye referencias bibliográficas.
650 4 _aDiseño industrial.
_915218
650 4 _aDiseño de productos.
650 4 _aDesarrollo de productos industriales.
_934040
650 4 _aEstética industrial.
650 4 _aDiseño aplicado a la industria.
_934042
942 _2lcc
_cBK
_n1
999 _c13675
_d13675